|
|
|
|
| LEADER |
00000nam0a2200000 4500 |
| 001 |
367210 |
| 005 |
20231102011947.0 |
| 035 |
|
|
|a (RuTPU)RU\TPU\retro\24573
|
| 090 |
|
|
|a 367210
|
| 100 |
|
|
|a 20220303d1979 km y0rusy50 ca
|
| 101 |
0 |
|
|a rus
|
| 102 |
|
|
|a BY
|
| 105 |
|
|
|a a z 011zb
|
| 200 |
1 |
|
|a Исследования академиком Н. Ф. Блиодухо геологии и полезных ископаемых Белоруссии
|f Академия наук Белорусской ССР, Институт геохимии и геофизики ; отв. ред. Р. Г. Гарецкий
|
| 210 |
|
|
|a Минск
|c Наука и техника
|d 1979
|
| 215 |
|
|
|a 76 с.
|c ил.
|
| 300 |
|
|
|a К 100-летию со дня рождения академика АН БССР Н. Ф. Блиодухо
|
| 320 |
|
|
|a Основные работы: с. 72-74
|
| 320 |
|
|
|a Библиогр. в конце ст.
|
| 600 |
|
1 |
|a Блиодухо
|b Н. Ф.
|c геолог
|f 1878-1935
|g Николай Федорович
|c академик Национальной академии Беларуси, профессор
|2 stltpush
|3 (RuTPU)RU\TPU\pers\47118
|
| 606 |
1 |
|
|a Полезные ископаемые
|x Геология
|2 stltpush
|3 (RuTPU)RU\TPU\subj\50069
|9 68818
|
| 606 |
1 |
|
|a Библиографические пособия
|x По геологии
|2 stltpush
|3 (RuTPU)RU\TPU\subj\28563
|9 52081
|
| 610 |
1 |
|
|a Белоруссия
|
| 610 |
1 |
|
|a геология
|
| 610 |
1 |
|
|a научные исследования
|
| 610 |
1 |
|
|a горные породы
|
| 610 |
1 |
|
|a ученые-геологи
|
| 610 |
1 |
|
|a геологическое строение
|
| 610 |
1 |
|
|a стратиграфия
|
| 675 |
|
|
|a 553(01)
|v 4
|
| 686 |
|
|
|a Я19:55
|v LBC/SL-A
|2 rubbk
|
| 702 |
|
1 |
|a Гарецкий
|b Р. Г.
|4 340
|
| 712 |
0 |
2 |
|a Академия наук Белорусской ССР
|b Институт геохимии и геофизики
|2 stltpush
|3 (RuTPU)RU\TPU\col\11735
|9 25243
|
| 801 |
|
1 |
|a RU
|b 63413507
|c 20220303
|
| 801 |
|
2 |
|a RU
|b 63413507
|c 20220610
|g RCR
|
| 942 |
|
|
|c BK
|